| 000 | 00878nam a22002417a 4500 | ||
|---|---|---|---|
| 001 | 48386 | ||
| 003 | BD-RjUL | ||
| 005 | 20211209054520.0 | ||
| 008 | 160813s1981 bg ||||| |||| 00| 0 ben d | ||
| 020 | _c: TK 20.00 | ||
| 035 | _a(BD-RjUL) 48505 | ||
| 040 |
_aBD-RjUL _bben _cBD-RjUL |
||
| 041 | _aben | ||
| 082 |
_223 _a891 _bELS 1981 |
||
| 100 |
_aএলিয়ট, জেরালডিন _9146417 |
||
| 245 | 1 | 0 |
_aশিকারীর গুহা / _c জেরালডিন এলিয়ট |
| 260 |
_aঢাকা : _bবাংলা একাডেমী, _c১৯৮১ |
||
| 300 |
_a১৮৭ পৃ. : _bচিত্র ; _c২১ সেমি. |
||
| 650 |
_aসেলটিক সাহিত্য _9146418 |
||
| 650 |
_aCeltic Literature _9146419 |
||
| 700 |
_aখান, ফওজিয়া, অনুবাদ _9146420 |
||
| 942 |
_2ddc _cBK |
||
| 999 |
_c48386 _d48386 |
||